EFY Aniversary: Amazing tools for electronics, fedora 16, ub (Record no. 139714)

000 -LEADER
fixed length control field 00273nmm a2200097Ia 4500
008 - FIXED-LENGTH DATA ELEMENTS--GENERAL INFORMATION
fixed length control field 220120s9999||||xx |||||||||||||||||und||
020 ## - INTERNATIONAL STANDARD BOOK NUMBER
International Standard Book Number 0-07-052929
100 ## - MAIN ENTRY--PERSONAL NAME
Personal name EFY
245 #0 - TITLE STATEMENT
Title EFY Aniversary: Amazing tools for electronics, fedora 16, ub
260 ## - PUBLICATION, DISTRIBUTION, ETC.
Place of publication, distribution, etc. EFY enterprises
Date of publication, distribution, etc. 2012
Holdings
Withdrawn status Lost status Damaged status Not for loan Home library Current library Date acquired Barcode Date last seen Price effective from Koha item type
        Central Library Central Library 01/20/2022 CD1265 01/20/2022 01/20/2022 Compact Disc

Powered by Koha